Gaming Quiz

Random Gaming or Board Games Quiz
Score 0/20 Timer 02:00
3 Plays Today
Question Answer Wrong Answers
MONOPOLY
Players passing 'Go' collect $200 (or £200)
True
89.9%
False
3.6%
TRIVIAL PURSUIT
A player needs six 'wedges' before they can win the game
True
86.6%
False
6.8%
CHESS
There are 64 squares on a chess board
True
85.3%
False
8.1%
BATTLESHIP
The smallest type of ship is an aircraft carrier
False
84.4%
True
8.9%
OPERATION
'Butterflies in Stomach' is one of the ailments
True
82%
False
11.4%
MONOPOLY
'Free Parking' is diagonally opposite from 'Go'
True
78.6%
False
14.9%
OTHELLO
Othello is a game for two players
True
75.8%
False
17.4%
YAHTZEE
The game is played with seven dice
False
73.7%
True
19.7%
BACKGAMMON
A backgammon board consists of 24 triangles in total
True
68.7%
False
24.5%
CHESS
Black moves first
False
68%
True
25.7%
MONOPOLY
The cheapest properties are colored light blue
False
66.7%
True
26.7%
RISK
Yakutsk is a territory in Asia
True
66.4%
False
26.9%
SCRABBLE
The vowels 'A', 'E', 'I', 'O' and 'U' are all worth one point
True
63.3%
False
30.1%
DRAUGHTS/CHECKERS
When playing on a standard 8×8 board, there are 24 pieces on the board at the start of a game
True
60.8%
False
32.6%
MOUSE TRAP
'Mouse Trap' was first invented in the 1980s
False
54.3%
True
39%
GO
The game 'go' was invented in India
False
50.2%
True
43.1%
SETTLERS OF CATAN
On each players turn, three dice are rolled
False
49.2%
True
43.9%
LUDO
The board game Ludo was named after Italian poet Ludovico Ariosto
False
43.8%
True
49.5%
SCRABBLE
The letter 'L' is worth two points
False
42.7%
True
50.8%
CLUE(DO)
There are two characters in Clue(do) whose titles are 'Miss'
False
42.3%
True
51.2%
Remove Ads.
Support Sporcle.
Get the best of Sporcle when you Go Orange. This ad-free experience offers more features, more stats, and more fun while also helping to support Sporcle. Thank you for becoming a member.

You're not logged in!

Compare scores with friends on all Sporcle quizzes.
OR
Log In

Sporcle TV

Today on Sporcle TV


Watch our educational content, quiz creation guides, and fun videos on Sporcle TV.

Show Comments

Extras

Top Quizzes Today


Score Distribution

Paid Content

Your Account Isn't Verified!

In order to create a playlist on Sporcle, you need to verify the email address you used during registration. Go to your Sporcle Settings to finish the process.

Report this User

Report this user for behavior that violates our Community Guidelines.

Details: